| 000 | 01496nam a22002537a 4500 | ||
|---|---|---|---|
| 001 | 9695 | ||
| 003 | FISKH | ||
| 005 | 20260129160734.0 | ||
| 008 | 260129b cb ||||| |||| 00| 0 eng d | ||
| 020 | _a9781399633833 | ||
| 040 |
_aFISKH _beng _cFISKH _dFISKH |
||
| 050 | _aPZ7.1 .G368 .F | ||
| 082 | _a813.6 | ||
| 100 | _aGarber, Stephanie | ||
| 245 |
_aFinale : _bAll games must come to an end / _cStephanie Garber |
||
| 250 | _aThis edition published in 2025 | ||
| 260 |
_aGreat Britain : _bLondon, _c2019 |
||
| 300 |
_a468 pages : _c20 cm |
||
| 490 |
_aCaraval : _vBook Three |
||
| 520 | _aA love worth fighting for. A dream worth dying for. An ending worth waiting for. It's been two months since the Fates were freed from a deck of cards, two months since Legend claimed the throne for his own, and two months since Tella discovered the boy she fell in love with doesn't really exist. With lives, empires, and hearts hanging in the balance, Tella must decide if she's going to trust Legend or a former enemy. After uncovering a secret that upends her life, Scarlett will need to do the impossible. And Legend has a choice to make that will forever change and define him. Caraval is over, but perhaps the greatest game of all has begun. There are no spectators this time: only those who will win, and those who will lose everything. Welcome, welcome to Finale. All games must come to an end... | ||
| 650 |
_aFantasy _vYoung Adult _xRomance |
||
| 942 |
_2ddc _cBK _n0 |
||
| 999 |
_c9695 _d9695 |
||